Electronic commerce : a managerial perspective (Record no. 69567)

000 -LEADER
fixed length control field 00452nam a22001697a 4500
003 - CONTROL NUMBER IDENTIFIER
control field NUST - PNEC
005 - DATE AND TIME OF LATEST TRANSACTION
control field 20170116181121.0
008 - FIXED-LENGTH DATA ELEMENTS--GENERAL INFORMATION
fixed length control field 151005b xxu||||| |||| 00| 0 eng d
020 ## - INTERNATIONAL STANDARD BOOK NUMBER
International Standard Book Number 9788131724781
040 ## - CATALOGING SOURCE
Transcribing agency LIBRARY
082 ## - DEWEY DECIMAL CLASSIFICATION NUMBER
Classification number 658.84 TUR
100 ## - MAIN ENTRY--PERSONAL NAME
9 (RLIN) 13508
Personal name Turban, Efraim
245 ## - TITLE STATEMENT
Title Electronic commerce : a managerial perspective
Statement of responsibility, etc. Efraim Turban
260 ## - PUBLICATION, DISTRIBUTION, ETC.
Place of publication, distribution, etc. c.2006
650 ## - SUBJECT ADDED ENTRY--TOPICAL TERM
9 (RLIN) 13511
Topical term or geographic name entry element Electronic commerce
General subdivision EL
942 ## - ADDED ENTRY ELEMENTS (KOHA)
Source of classification or shelving scheme
Koha item type Book
Holdings
Withdrawn status Lost status Source of classification or shelving scheme Damaged status Not for loan Permanent Location Current Location Shelving location Date acquired Total Checkouts Full call number Barcode Date last seen Price effective from Koha item type
          Pakistan Navy Engineering College (PNEC) Pakistan Navy Engineering College (PNEC)       658.84 TUR PNECLIB-029746 10/05/2015   Book
          Pakistan Navy Engineering College (PNEC) Pakistan Navy Engineering College (PNEC)       658.84 TUR PNECLIB-029745 10/05/2015   Book
© 2023 Central Library, National University of Sciences and Technology. All Rights Reserved.